[Event "Kragero Grand Prix A"]
[Site "Kragero"]
[Date "2013.09.06"]
[Round "2"]
[White "Cigriejus, Paulius"]
[Black "Kloster, Ole Jonny"]
[Result "1/2-1/2"]
[WhiteElo "1539"]
[BlackElo "1612"]
[PlyCount "72"]
[EventDate "2013.09.06"]
[EventType "swiss"]
[EventRounds "5"]
[EventCountry "NOR"]
[SourceTitle "EXT 2024"]
[Source "ChessBase"]
[SourceDate "2023.10.10"]
[SourceVersion "1"]
[SourceVersionDate "2023.10.10"]
[SourceQuality "1"]

1. Nf3 c6 2. b3 Nf6 3. Bb2 d5 4. e3 Bg4 5. Be2 Nbd7 6. Ne5 Bxe2 7. Qxe2 e6 8. 0-0 Nxe5 9. Bxe5 Bd6 10. f4 Qc7 11. d4 0-0-0 12. c4 Kb8 13. Nc3 Qd7 14. c5 Bc7 15. b4 Ne8 16. b5 Bxe5 17. bxc6 Qxc6 18. fxe5 f6 19. exf6 Nxf6 20. Rab1 Rhe8 21. Qe1 Re7 22. Nb5 Red7 23. Qa5 a6 24. Nd6 Rxd6 25. cxd6 Rxd6 26. Rfc1 Qd7 27. Rb6 Ng4 28. Qxa6 Rxb6 29. Qxb6 h6 30. Rc3 Qe7 31. h3 Nf6 32. Rc6 Qa3 33. Rd6 Qxe3+ 34. Kf1 Qc1+ 35. Ke2 Qc2+ 36. Ke3 Qc3+ 1/2-1/2

[Event "Stavanger op B"]
[Site "Stavanger"]
[Date "2013.05.??"]
[Round "1"]
[White "Cigriejus, Paulius"]
[Black "Snahre, Stig Allan"]
[Result "1-0"]
[WhiteElo "1343"]
[BlackElo "1603"]
[PlyCount "59"]
[EventDate "2013.05.08"]
[EventType "swiss"]
[EventRounds "6"]
[EventCountry "NOR"]
[SourceTitle "EXT 2024"]
[Source "ChessBase"]
[SourceDate "2023.10.10"]
[SourceVersion "1"]
[SourceVersionDate "2023.10.10"]
[SourceQuality "1"]

1. d4 d5 2. c4 e6 3. Nf3 c6 4. Nc3 dxc4 5. a4 Bb4 6. e4 b5 7. Bd2 Bxc3 8. Bxc3 Nf6 9. Qc2 Bb7 10. Nd2 a5 11. e5 Nd5 12. Ne4 Nd7 13. Nd6+ Ke7 14. Nxb7 Qb6 15. Nd6 f6 16. axb5 cxb5 17. Bxc4 bxc4 18. Nxc4 Qb5 19. exf6+ N7xf6 20. Ne5 Rhc8 21. g4 g6 22. Ra3 a4 23. h4 Nd7 24. Nxd7 Kxd7 25. h5 Nb4 26. Qe2 Qb7 27. f3 Nd5 28. hxg6 Nxc3 29. Rxh7+ Kd8 30. Qxe6 1-0